000 00915nam a22002777a 4500
999 _c12718
_d12718
003 MIRAKIL
005 20190208145407.0
008 190208b tu ||||| |||| 00| 0 tur d
020 _a9786053994749
040 _aTR-AnCHP
_cTR-AnCHP
041 _atur
082 _a321.8
_bD56d 2017
100 _aD'iribarne, Philippe
245 1 0 _aDemokrasi karşısında İslâm /
_cPhilippe D'iribarne ; çeviren Ahmet Arslan
260 _aİstanbul:
_bİstanbul Bilgi Üniversitesi Yayınları,
_c2017.
300 _axvii, 140 s.
_c23 sm.
490 0 _aİstanbul Bilgi Üniversitesi Yayınları ;
_aSiyaset bilim ;
_v581.
_v60.
500 _aÖzgün yapıt adı: L'Islam devant la démocratie
504 _aDizin vardır.
650 4 _91030
_aDemokrasi
_xTürkiye
650 0 _9518
_aİslam ve politikalar
_xTürkiye
700 _95164
_aArslan, Ahmet
_eçev.
942 _2ddc
_cBKS
999 _d12718
999 _d12718